000 00611nam a22001697a 4500
020 _qHard Cover.
082 _a200
100 _aZaman, Ansar
245 _aDevelopment of Risk-Based Asset Management Framework for Highway BOT Projects in Pakistan /
_cAnsar Zaman
260 _aIslamabad ;
_bMCE - NUST,
_c2017.
300 _axiv, 112 p. : ill. ;
_c30cm.
650 _a-MS-Thesis Constructing engineering Management
_9126646
700 _aMuhammad Irfan.
_915756
856 _u http://10.250.8.41:8080/xmlui/handle/123456789/20300
942 _2ddc
_cSC
999 _c540572
_d540572